Pierce The Veil - Stained Glass Eyes And Colorful Tears Lyrics - Statistics

General Stats
  • This quiz has been taken 16 times
  • The average score is 130 of 155
Answer Stats
Answer % Correct
and
100%
And
100%
can
100%
good"
100%
I
100%
I'm
100%
is
100%
it's
100%
like
100%
the
100%
to
100%
up
100%
we
100%
you,
100%
But
83%
change
83%
colorful
83%
eyes
83%
Fine,
83%
glass
83%
god,
83%
goddamn
83%
gonna
83%
her
83%
I'll
83%
live
83%
maybe
83%
my
83%
My
83%
now
83%
Now
83%
"Oh
83%
Oh,
83%
ourselves,
83%
paradise"
83%
paradise
83%
pretend
83%
promise
83%
right
83%
She
83%
she
83%
should
83%
So
83%
so
83%
someday
83%
stained
83%
swear
83%
tears
83%
tell
83%
them
83%
this
83%
Through
83%
we'll
83%
world
83%
American
67%
"Baby,
67%
care
67%
cherish
67%
destroy
67%
don't
67%
down
67%
ended
67%
girl
67%
here
67%
holds
67%
mind
67%
While
67%
yeah
67%
your
67%
changed
50%
desperate
50%
each
50%
other,
50%
seem
50%
that
50%
bites
33%
tongue
33%
crimes,
0%
No matching quizzes found
Score Distribution
Percent of People with Each Score
Percentile by Number Answered
Your Score History
You have not taken this quiz